000 00643nam a2200205Ia 4500
008 220216s9999 xx 000 0 und d
100 _aKudaligama K V V S
245 2 _aA Complete cost effective solution for rubber factory wastewater treatment
260 _bIRRDB Natural Rubber Conference 2008, 13-15 October 2008, Kuala Lumpur, Malaysia: Abstract of papers
500 _aSource Year: 2008
650 _aAnaerobic
650 _aBio-brush
650 _aSpecific surface area
650 _aWastewater treatment
650 _aWater pollution
700 _aThurul W M
700 _aYapa P A J
856 _uAbst only
942 _cJS
999 _c53315
_d53315